000 00840cam a22002651 4500
999 _c6545
_d6545
001 6513635
003 GBCCL
005 20241126110605.0
008 750325s1954 nyu 000 0 eng
010 _a 54007335
035 _a(OCoLC)1237563
040 _aDLC
_cFO
_dOCoLC
_dDLC
042 _apremarc
050 0 0 _aBT1105
_b.P46
082 _a239
_bPIK
100 1 _aPike, James A.
_q(James Albert)
_d1913-1969.
_911718
245 1 0 _aRoadblocks to faith /
_cby James A. Pike and John McG. Krumm. Foreword by Horace W. B. Donegan.
260 _aNew York:
_bMorehouse-Gorham Co.,
_c1954.
300 _a144 p.;
_c20 cm.
490 0 _aBishop of New York books,
_v1954
650 0 _aApologetics
_985
700 1 _aKrumm, John McGill,
_d1913-
_ejoint author.
_92177
906 _a7
_bcbc
_coclcrpl
_du
_encip
_f19
_gy-gencatlg
942 _2ddc
_cBK
_02